Score 0/11 Timer 03:00
0 Plays Today
Hint Answer % Correct
DESESeed
98%
ILAJJail
97.3%
GEACCage
97.1%
SEOHUHouse
95.9%
INARBBrain
93.2%
GIMMNUHHumming
88.9%
KINGCOMMocking
82.3%
Word in common with all of the above:Bird
80.7%
REDTUNHThunder
68.3%
EHRTCAWWatcher
67.3%
WEYTTETweety
63.1%
Remove Ads.
Support Sporcle.
Get the best of Sporcle when you Go Orange. This ad-free experience offers more features, more stats, and more fun while also helping to support Sporcle. Thank you for becoming a member.

You're not logged in!

Compare scores with friends on all Sporcle quizzes.
OR
Log In

Show Comments

Extras

Top Quizzes Today


Score Distribution

Your Account Isn't Verified!

In order to create a playlist on Sporcle, you need to verify the email address you used during registration. Go to your Sporcle Settings to finish the process.

Report this User

Report this user for behavior that violates our Community Guidelines.

Details: